000 00828nam a2200229Ia 4500
003 GCL
008 140319s9999 xx 000 0 ara d
040 _aGCL /
_cGCL
082 0 4 _aد
_b328.307
_bر ت
100 1 _aرئاسة الجمهورية
245 1 0 _aتقرير المجلس القومى للثقافة والفنون والادب والاعلام /
_cرئاسة الجمهورية
700 1 _aالمجالس القومية المتخصصة
260 _a[S.N] :
_bالمجالس القومية المتخصصة
300 _aمتعدد الترقيم
490 _aمن روائع الادب الامريكى المعاصر
_v0
650 0 4 _aالادب
650 0 4 _aالثقافة
650 0 4 _aالهيئات التشريعية
650 0 4 _aالاعلام
650 0 4 _aالفنون
942 _2ddc
_cCF
999 _c27444
_d27444